ՀՀ Գիտությունների ազգային ակադեմիայի հիմնարար գիտական գրադարան  =   Fundamental Scientific Library of NAS RA

Կարամազով եղբայրներ / (Record no. 8836)

MARC details
000 -LEADER
fixed length control field 00964nam a2200229 a 4500
001 - CONTROL NUMBER
control field 000022750
003 - CONTROL NUMBER IDENTIFIER
control field AM-YEHGA
005 - DATE AND TIME OF LATEST TRANSACTION
control field 20250618070837.0
008 - FIXED-LENGTH DATA ELEMENTS--GENERAL INFORMATION
fixed length control field 990120s1970 ai |||||||||||||||||arm d
040 ## - CATALOGING SOURCE
Original cataloging agency AM-YeHGA
041 1# - LANGUAGE CODE
Language code of text/sound track or separate title arm
090 ## - LOCALLY ASSIGNED LC-TYPE CALL NUMBER (OCLC); LOCAL CALL NUMBER (RLIN)
-- 8897
100 1# - MAIN ENTRY--PERSONAL NAME
Personal name Դոստոևսկի, Ֆյոդոր Միխայլովիչ,
Dates associated with a name 1821-1881
9 (RLIN) 6696
245 10 - TITLE STATEMENT
Title Կարամազով եղբայրներ /
Statement of responsibility, etc. Ֆ. Դոստոևսկի ; Թարգմ. . առաջաբ. հեղ.՝ Կ. Սուրենյան ; Խմբ.՝ Դ.Գ. Եսայան.
260 ## - PUBLICATION, DISTRIBUTION, ETC.
Place of publication, distribution, etc. Երևան :
Name of publisher, distributor, etc. Հայաստան ,
Date of publication, distribution, etc. 1970.
300 ## - PHYSICAL DESCRIPTION
Extent 2 գ. ;
Dimensions 22 սմ.
505 00 - FORMATTED CONTENTS NOTE
Miscellaneous information Գիրք 1 (1970, 544 էջ)
-- Գիրք 2 (1970, 695 էջ)
650 14 - SUBJECT ADDED ENTRY--TOPICAL TERM
Topical term or geographic name entry element Ռուս գրականություն
General subdivision Վեպ
9 (RLIN) 4829
700 1# - ADDED ENTRY--PERSONAL NAME
Personal name Սուրենյան, Կարպիս Հովհաննեսի,
Dates associated with a name 1925-2011
Relator term թարգմ.
Relationship trl
Relator term առաջաբ.
Relationship aui
700 1# - ADDED ENTRY--PERSONAL NAME
Personal name Եսայան, Դորա Գարեգինի,
Dates associated with a name 1926-1994
Relator term խմբ.
Relationship edt
9 (RLIN) 1879
942 ## - ADDED ENTRY ELEMENTS (KOHA)
Koha item type Գրքեր / Books
Holdings
Withdrawn status Lost status Source of classification or shelving scheme Damaged status Not for loan Home library Current library Date acquired Serial enumeration / chronology Total checkouts Full call number Barcode Date last seen Price effective from Koha item type Public note
    Universal Decimal Classification     Fundamental Scientific Library Fundamental Scientific Library 21/12/2016 Գ. 1   AII/44749 220044749 21/12/2016 21/12/2016 Գրքեր / Books 30 Days Loan
    Universal Decimal Classification     Fundamental Scientific Library Fundamental Scientific Library 21/12/2016 Գ. 1   AII/44750 220044750 21/12/2016 21/12/2016 Գրքեր / Books 30 Days Loan
    Universal Decimal Classification     Fundamental Scientific Library Fundamental Scientific Library 21/12/2016 Գ. 1   AII/44751 220044751 21/12/2016 21/12/2016 Գրքեր / Books 30 Days Loan
    Universal Decimal Classification     Fundamental Scientific Library Fundamental Scientific Library 21/12/2016 Գ. 1   AII/44752 220044752 21/12/2016 21/12/2016 Գրքեր / Books 30 Days Loan
    Universal Decimal Classification     Fundamental Scientific Library Fundamental Scientific Library 21/12/2016 Գ. 2   AII/45324 220045324 21/12/2016 21/12/2016 Գրքեր / Books 30 Days Loan
    Universal Decimal Classification     Fundamental Scientific Library Fundamental Scientific Library 21/12/2016 Գ. 2   AII/45325 220045325 21/12/2016 21/12/2016 Գրքեր / Books 30 Days Loan
    Universal Decimal Classification     Fundamental Scientific Library Fundamental Scientific Library 21/12/2016 Գ. 2   AII/45326 220045326 21/12/2016 21/12/2016 Գրքեր / Books 30 Days Loan


ՀՀ ԳԱԱ հիմնարար գիտական գրադարան
ՀՀ,Երևան 0019
Մարշալ Բաղրամյան 24/6
հեռախոս:(374-10) 52-47-50
Հետադարձ կապ

All site content, except where otherwise noted, is licensed under a
Creative Commons License